Countries With the Tallest Mountains - Statistics

General Stats
  • This quiz has been taken 48 times
    30 since last reset
  • The average score is 14 of 15
Answer Stats
# Country % Correct
14 Argentina
100%
14 Chile
100%
44 China
100%
48 India
100%
61 Nepal
100%
14 Peru
100%
73 Pakistan
96%
1 United States
96%
8 Bhutan
92%
4 Afghanistan
88%
1 Ecuador
88%
4 Tajikistan
88%
10 Bolivia
80%
4 Kyrgyzstan
76%
1 Kazakhstan
68%
No matching quizzes found
Score Distribution
Percent of People with Each Score
Percentile by Number Answered
Your Score History
You have not taken this quiz since the last reset